000 00213nmm a2200085Ia 4500
008 150209s2015||||xx |||||||||||||||||und||
100 _aRANDHIR PURI
245 _aOPERATIVE OBESTETRICS AND GYNAECOLOGY
942 _2ddc
_cCD
999 _c6010
_d6010